| 000 | 00446nab a22001457 4500 | ||
|---|---|---|---|
| 003 | ES-SlBCS | ||
| 005 | 20210327224226.0 | ||
| 008 | 181204s2018 sp ||||| |||| 00| 0 spa d | ||
| 040 |
_aES-SlBCS _bspa |
||
| 041 | _aspa | ||
| 100 | 1 |
_aHummes, Cláudio _973183 |
|
| 245 | 1 | 0 |
_aProtección de la Amazonia y de sus pueblos autóctonos _cCard. Claudio Hummes |
| 773 | 0 |
_gNúm. 378, 2018, págs. 123-128 _tConcilium _wRev134 _x0210-1041 |
|
| 942 |
_2lcc _cAR |
||
| 999 |
_c477391 _d477391 |
||